The Desert mounted corps; (Record no. 552228)
[ view plain ]
| 000 -LEADER | |
|---|---|
| fixed length control field | 00780cam a2200169 4500 |
| 082 ## - DEWEY DECIMAL CLASSIFICATION NUMBER | |
| Classification number | 940.400956 |
| Author Mark | PRE |
| 100 1# - MAIN ENTRY--PERSONAL NAME | |
| Personal name | Preston, Richard Martin Peter, |
| 9 (RLIN) | 49453 |
| 245 14 - TITLE STATEMENT | |
| Title | The Desert mounted corps; |
| Remainder of title | an account of the cavalry operations in Palestine and Syria, 1917-1918, |
| Statement of responsibility, etc. | by Lieut.-Colonel the Hon. R.M.P. Preston, D.S.O. With an introduction by Lieut.-General Sir H.G. Chauvel. |
| 260 ## - PUBLICATION, DISTRIBUTION, ETC. | |
| Place of publication, distribution, etc. | London, |
| Name of publisher, distributor, etc. | Constable and company ltd., |
| Date of publication, distribution, etc. | 1921. |
| 300 ## - PHYSICAL DESCRIPTION | |
| Extent | 356,p.: |
| Other physical details | with maps. |
| Dimensions | 23 cm. |
| 526 ## - STUDY PROGRAM INFORMATION NOTE | |
| Program name | 0 |
| Interest level | 0 |
| Reading level | 0 |
| Title point value | 940_400956000000000_PRE |
| 650 #0 - SUBJECT ADDED ENTRY--TOPICAL TERM | |
| Topical term or geographic name entry element | MCE |
| 9 (RLIN) | 379 |
| 650 #0 - SUBJECT ADDED ENTRY--TOPICAL TERM | |
| Topical term or geographic name entry element | World War, 1914-1918 |
| General subdivision | Campaigns |
| Geographic subdivision | Middle East. |
| 9 (RLIN) | 49434 |
| 650 #0 - SUBJECT ADDED ENTRY--TOPICAL TERM | |
| Topical term or geographic name entry element | World War, 1914-1918 |
| General subdivision | Regimental histories |
| Geographic subdivision | Great Britain. |
| 856 41 - ELECTRONIC LOCATION AND ACCESS | |
| Uniform Resource Identifier | <a href="http://www.loc.gov/catdir/toc/fy0716/21013249.html">http://www.loc.gov/catdir/toc/fy0716/21013249.html</a> |
| 942 ## - ADDED ENTRY ELEMENTS (KOHA) | |
| Source of classification or shelving scheme | |
| Koha item type | Book |
| Withdrawn status | Lost status | Source of classification or shelving scheme | Damaged status | Not for loan | Permanent Location | Current Location | Date acquired | Total Checkouts | Full call number | Barcode | Date last seen | Price effective from | Koha item type |
|---|---|---|---|---|---|---|---|---|---|---|---|---|---|
| Military College of Engineering (MCE) | Military College of Engineering (MCE) | 01/12/2015 | 940.400956 PRE | MCE-ECD/29 | 01/12/2015 | 01/12/2015 | Book |
